| 000 | 00754cam a2200217u 4500 | ||
|---|---|---|---|
| 001 | 7003517 | ||
| 003 | Ke-BoTe | ||
| 005 | 20220614121207.0 | ||
| 008 | 820115s1957 inuabc 000 0 eng | ||
| 010 | _a 57038254 | ||
| 040 |
_aDLC _cCarP _dDLC |
||
| 050 | 0 | 0 |
_aBV3625 _bJ6 1957 |
| 100 | 1 |
_aJobson, Orville D. [from old catalog] _98377 |
|
| 245 | 1 | 0 |
_aConquering Oubangui-Chari for Christ / _cJobson, Orville D. |
| 260 |
_aWinona Lake, Ind., : _bBrethren Missionary Herald Co ; _cc1957 . |
||
| 300 |
_a160 p . : _billus., ports., maps. _c21 cm. |
||
| 650 | 0 |
_aMissions _zCentral African Republic. _98378 |
|
| 811 | 2 |
_aBauman memorial lectures, _d1957. [from old catalog] _98379 |
|
| 906 |
_a0 _bcbc _cpremunv _du _encip _f19 _gy-gencatlg |
||
| 942 |
_2lcc _cBK _n0 |
||
| 999 |
_c4013 _d4013 |
||